Turning points : (Record no. 86541)

MARC details
000 -LEADER
fixed length control field 00648nam a22001817a 4500
005 - DATE AND TIME OF LATEST TRANSACTION
control field 20180530143735.0
020 ## - INTERNATIONAL STANDARD BOOK NUMBER
International Standard Book Number 9789350293478
Terms of availability 250.00
037 ## - SOURCE OF ACQUISITION
Source of stock number/acquisition RK Books
082 ## - DEWEY DECIMAL CLASSIFICATION NUMBER
Classification number 954.05092
100 ## - MAIN ENTRY--PERSONAL NAME
Personal name Abdul Kalam, A.P.J.
245 ## - TITLE STATEMENT
Title Turning points :
Remainder of title a journey through challenges /
Statement of responsibility, etc by A..P.J. Abdul Kalam
260 ## - PUBLICATION, DISTRIBUTION, ETC. (IMPRINT)
Place of publication, distribution, etc Noida
Name of publisher, distributor, etc Harper Collins Publishers
Date of publication, distribution, etc 2012
270 ## - ADDRESS
Address A-75, Sector 57,
City Noida ,(UP)
Postal code 201301
300 ## - PHYSICAL DESCRIPTION
Extent x,182p. :
Other physical details col. photos
Dimensions 21cm(pbk)
500 ## - GENERAL NOTE
General note Includes index
942 ## - ADDED ENTRY ELEMENTS (KOHA)
Source of classification or shelving scheme Dewey Decimal Classification
Item type English Books
Call number suffix ABD
Classification part 954.05092
Holdings
Withdrawn status Lost status Not for loan Collection code Home library Current library Date acquired Source of acquisition Cost, normal purchase price Full call number Barcode Copy number Cost, replacement price Koha item type
    Not For Loan Non-fiction D.B.Act.Division D.B.Act.Division 07/07/2014 DBAD/PUB 199.00 954.05092 ABD EN-93941 1 199.00 English Books

© Delhi Public Library
Hit Counter
free hit counter